000 00306nam a2200121Ia 4500
008 240624s9999 xx 000 0 und d
041 _aeng
082 _a658.4012 BRA
100 _aBRANDENBURGER ADAM M
245 _aRIGHT GAME
260 _c2009
_aBoston
_bHarvard Business Press
300 _a91.p : cm. ; 20
999 _c22708
_d22708